Process technology for Silicon Carbide Devices / (Record no. 563028)
[ view plain ]
| 000 -LEADER | |
|---|---|
| fixed length control field | 00417nam a2200133Ia 4500 |
| 008 - FIXED-LENGTH DATA ELEMENTS--GENERAL INFORMATION | |
| fixed length control field | 210430s9999 xx 000 0 und d |
| 020 ## - INTERNATIONAL STANDARD BOOK NUMBER | |
| International Standard Book Number | 0-85296-998-8 |
| 082 ## - DEWEY DECIMAL CLASSIFICATION NUMBER | |
| Classification number | 621.38152 P9621 |
| 100 ## - MAIN ENTRY--PERSONAL NAME | |
| Personal name | Carl Mikael zetterling |
| 9 (RLIN) | 52830 |
| 245 ## - TITLE STATEMENT | |
| Title | Process technology for Silicon Carbide Devices / |
| Statement of responsibility, etc. | Carl Mikael zetterling |
| 260 ## - PUBLICATION, DISTRIBUTION, ETC. | |
| Place of publication, distribution, etc. | Sweden |
| Name of publisher, distributor, etc. | KTH Royal Institute of Technology |
| Date of publication, distribution, etc. | 2002 |
| 300 ## - PHYSICAL DESCRIPTION | |
| Extent | 176p. |
| 942 ## - ADDED ENTRY ELEMENTS (KOHA) | |
| Koha item type | Book |
| Source of classification or shelving scheme | |
| Withdrawn status | Lost status | Damaged status | Not for loan | Collection code | Permanent Location | Current Location | Shelving location | Date acquired | Total Checkouts | Full call number | Barcode | Date last seen | Price effective from | Koha item type |
|---|---|---|---|---|---|---|---|---|---|---|---|---|---|---|
| School of Chemical & Materials Engineering (SCME) | School of Chemical & Materials Engineering (SCME) | General Stacks | 12/11/7 | 621.38152 P9621 | SCME-1916 | 04/30/2021 | 04/30/2021 | Book |
